000 00670nam a2200217Ia 4500
008 131103s9999 xx 000 0 und d
020 _a29775418
040 _aLoreto College
041 _aEnglish
082 _a370.9/SPE
_b#NAME?
245 _aHerbert Spencer
_cedited with an introduction by Ann Low - Beer
260 _aLondon
_bCollier - Macmillan
_c1969
300 _avii,162 p.
_c 23 cm.
440 _aEducational Thinkers Series
504 _aIncludes bibliographical references and index
650 _aSpencer,Herbert - Criticism and Interpretation
651 _aEducation - Thinkers
700 _aLow - Beer,Ann,ed.
850 _aLCLIB
942 _cBK
999 _c10939
_d61418